00900nam a22001935i 4500001000700000003000900007005001700016008004100033040002000074100005700094245012900151260004400280300003500324490005000359830005800409852009400467999001900561952012600580160430ES-MaACL20251122063133.0040924s1879 gw |||| | eng d aCAM bspa cCAM1 aMurray, Eustace Clare Grenville, d1824-1881913029810aThat artful vicar b: the story of what a clergyman tried to do for others and did for himself / cby E.C. Grenville Murray. aLeipzig : bBernhard Tauchnitz, c1879. a2 v. (287 ; 288 p.) ; c16 cm.1 aCollection of british authors ; v1820 ; 18210 aCollection of british authors ; v1820 ; 18219180703 aES-MaACLjG-11602 z-- Enc. hol., conservando las cubs. originales z-- Enc. 2 t. en 1 v. c160430d160430 001040708LIBXIXaATENEOMbATENEOMcSPP3d2008-01-17eSSCl0oG-11602p1167982r2023-02-23 00:00:00w2023-02-23yMONANT